Latin Verb Conjugation – Passive Indicative - Statistics

General Stats
  • This quiz has been taken 51 times
  • The average score is 118 of 216
Answer Stats
Hint Answer % Correct
1 s. superor
93%
3 s. superātur
90%
3 pl. superantur
86%
2 pl. superāminī
83%
1 pl. superāmur
83%
2 pl. superābāminī
79%
1 pl. superābāmur
79%
3 pl. superābantur
79%
3 s. superābātur
79%
2 s. superāris
79%
1 s. superābar
76%
2 pl. superābiminī
76%
1 pl. superābimur
76%
3 s. superābitur
76%
1 s. superābor
76%
3 pl. superābuntur
76%
2 pl. superātī estis
76%
1 pl. superātī sumus
76%
3 pl. superātī sunt
76%
2 s. superātus es
76%
3 s. superātus est
76%
1 s. superātus sum
76%
persuādēbātur
72%
persuādēbitur
72%
persuādēminī
72%
persuādēmur
72%
persuādentur
72%
persuādeor
72%
persuādēris
72%
persuādētur
72%
2 s. superābāris
72%
aperior
69%
persuādēbāmur
69%
persuādēbantur
69%
persuādēbiminī
69%
persuādēbimur
69%
persuādēbor
69%
persuādēbuntur
69%
proficīsceris
69%
proficīscēris
69%
proficīsciminī
69%
proficīscimur
69%
proficīscitur
69%
proficīscor
69%
proficīscuntur
69%
2 s. superāberis
69%
aperīminī
66%
aperīmur
66%
aperītur
66%
patiminī
66%
patimur
66%
patior
66%
patitur
66%
patiuntur
66%
persuādēbāminī
66%
persuādēbar
66%
persuādēbāris
66%
persuādēberis
66%
aperiēris
62%
aperiuntur
62%
pateris
62%
patiēris
62%
proficīscēbāminī
62%
proficīscēbāmur
62%
proficīscēbantur
62%
proficīscēbar
62%
proficīscēbāris
62%
proficīscēbātur
62%
proficīscēminī
62%
proficīscēmur
62%
proficīscētur
62%
aperiar
59%
aperiēmur
59%
aperientur
59%
aperiētur
59%
aperīris
59%
ferar
59%
ferēris
59%
feror
59%
patiēminī
59%
patiēmur
59%
patientur
59%
patiētur
59%
persuāsī estis
59%
persuāsī sumus
59%
persuāsī sunt
59%
persuāsus es
59%
persuāsus est
59%
persuāsus sum
59%
proficīscar
59%
proficīscentur
59%
1 pl. superātī erāmus
59%
3 pl. superātī erant
59%
2 pl. superāti erātis
59%
1 s. superātus eram
59%
2 s. superātus erās
59%
2 s. superātus eris
59%
3 s. superātus erit
59%
1 s. superātus erō
59%
aperiēminī
55%
ferēminī
55%
ferēmur
55%
ferentur
55%
ferētur
55%
patiar
55%
patiēbar
55%
1 pl. superātī erimus
55%
2 pl. superātī eritis
55%
3 pl. superātī erunt
55%
3 s. superātus erat
55%
aperiēbāminī
52%
aperiēbāmur
52%
aperiēbantur
52%
aperiēbar
52%
aperiēbāris
52%
aperiēbātur
52%
ferris
52%
lātus es
52%
lātus est
52%
lātus sum
52%
patiēbāminī
52%
patiēbāmur
52%
patiēbantur
52%
patiēbāris
52%
patiēbātur
52%
apertus sum
48%
ferēbāminī
48%
ferēbāmur
48%
ferēbantur
48%
ferēbar
48%
ferēbātur
48%
feriminī
48%
ferimur
48%
fertur
48%
lātī estis
48%
lātī sumus
48%
lātī sunt
48%
persuāsus eram
48%
persuāsus erās
48%
apertī estis
45%
apertī sumus
45%
apertī sunt
45%
apertus es
45%
apertus est
45%
ferēbāris
45%
feruntur
45%
passī estis
45%
passī sumus
45%
passī sunt
45%
passus es
45%
passus est
45%
passus sum
45%
persuāsī erāmus
45%
persuāsī erant
45%
persuāsī erātis
45%
persuāsī erimus
45%
persuāsī eritis
45%
persuāsī erunt
45%
persuāsus eris
45%
persuāsus erō
45%
profectī estis
45%
profectī sumus
45%
profectī sunt
45%
profectus es
45%
profectus est
45%
profectus sum
45%
lātus eram
41%
persuāsus erat
41%
persuāsus erit
41%
profectī erāmus
41%
profectī erant
41%
profectī erātis
41%
profectī erimus
41%
profectī eritis
41%
profectī erunt
41%
profectus eris
41%
profectus erit
41%
profectus erō
41%
apertī erimus
38%
apertus eris
38%
apertus erit
38%
apertus erō
38%
lātī erāmus
38%
lātī erant
38%
lātī erātis
38%
lãtī erimus
38%
lãtī eritis
38%
lãtī erunt
38%
lātus erās
38%
lātus erat
38%
lātus erit
38%
lātus erō
38%
passī erant
38%
passī erimus
38%
passī eritis
38%
passī erunt
38%
passus eram
38%
passus erās
38%
passus erat
38%
passus eris
38%
passus erit
38%
passus erō
38%
profectus eram
38%
profectus erās
38%
profectus erat
38%
apertī erāmus
34%
apertī erant
34%
apertī erātis
34%
apertī eritis
34%
apertī erunt
34%
apertus eram
34%
apertus erās
34%
apertus erat
34%
lātus eris
34%
passī erāmus
34%
passī erātis
34%
No matching quizzes found
Score Distribution
Percent of People with Each Score
Percentile by Number Answered
Your Score History
You have not taken this quiz